Fruit production technology / (Record no. 151)

MARC details
000 -LEADER
fixed length control field 00994nam a22002537a 4500
001 - CONTROL NUMBER
control field BD-DhSAU 151
003 - CONTROL NUMBER IDENTIFIER
control field BD-DhSAU
005 - DATE AND TIME OF LATEST TRANSACTION
control field 20150619182642.0
008 - FIXED-LENGTH DATA ELEMENTS--GENERAL INFORMATION
fixed length control field 140123b ii a|||| |||| 001 0 eng d
020 ## - INTERNATIONAL STANDARD BOOK NUMBER
International Standard Book Number 8181892062
Terms of availability RS. 1600
040 ## - CATALOGING SOURCE
Transcribing agency BD-DhSAU
Original cataloging agency BD-DhSAU
082 ## - DEWEY DECIMAL CLASSIFICATION NUMBER
Edition number 22
Classification number 635.6
Item number YAF
100 ## - MAIN ENTRY--PERSONAL NAME
Personal name Yadav, P. K.
245 ## - TITLE STATEMENT
Title Fruit production technology /
Statement of responsibility, etc. P. K. Yadav
260 ## - PUBLICATION, DISTRIBUTION, ETC. (IMPRINT)
Place of publication, distribution, etc. New Delhi, India :
Name of publisher, distributor, etc. International book distributing co. ,
Date of publication, distribution, etc. 2007.
300 ## - PHYSICAL DESCRIPTION
Extent x, 372 p. :
Other physical details ill. ;
Dimensions 25 cm.
500 ## - GENERAL NOTE
General note What people are saying - Write a review<br/>We haven't found any reviews in the usual places.
504 ## - BIBLIOGRAPHY, ETC. NOTE
Bibliography, etc Includes references and index.
590 ## - Name of Cataloguer
Name of Cataloger erfat
650 ## - SUBJECT ADDED ENTRY--TOPICAL TERM
Topical term or geographic name as entry element Fruit production.
Geographic subdivision India
856 ## - ELECTRONIC LOCATION AND ACCESS
Uniform Resource Identifier <a href="http://books.google.com.bd/books?id=4SH5IBM2n1oC&dq=8181892062&hl=en&sa=X&ei=VKngUpL6DoPP0AWQkIHQBQ&ved=0CCoQ6AEwAA">http://books.google.com.bd/books?id=4SH5IBM2n1oC&dq=8181892062&hl=en&sa=X&ei=VKngUpL6DoPP0AWQkIHQBQ&ved=0CCoQ6AEwAA</a>
856 ## - ELECTRONIC LOCATION AND ACCESS
Uniform Resource Identifier <a href="http://www.amazon.com/gp/search?index=books&linkCode=qs&keywords=8181892062">http://www.amazon.com/gp/search?index=books&linkCode=qs&keywords=8181892062</a>
942 ## - ADDED ENTRY ELEMENTS (KOHA)
Source of classification or shelving scheme Dewey Decimal Classification
Koha item type Book
Holdings
Withdrawn status Lost status Source of classification or shelving scheme Damaged status Not for loan Home library Branch Name Date acquired Total Checkouts Full call number Barcode Date last seen Date checked out Price effective from Koha item type Collection code Shelving location
    Dewey Decimal Classification     SAU Library SAU Library 09/08/2009 1 635.6 / YAF 35242 17/09/2023 20/08/2023 23/01/2014 Book    
    Dewey Decimal Classification   Not For Loan SAU Library SAU Library 23/01/2014   635.6 / YAF 35241 23/01/2014   23/01/2014 Book Reference  
    Dewey Decimal Classification     SAU Library SAU Library 09/08/2009   635.6 / YAF 35243 26/01/2015   26/01/2015 Book   General Stacks